[Event "European Cities & Towns Chess Championship - Women"]
[Site "Central Europe"]
[Date "2023.01.29"]
[Round "5.1.3"]
[White "Vidic, Teja"]
[Black "Toma, Katarzyna"]
[Result "1-0"]
[WhiteElo "2138"]
[BlackElo "2232"]
[BlackCountry "GB"]
[BlackFideId "1119907"]
[BlackTeam "London Women"]
[BlackTitle "WGM"]
[Termination "time forfeit"]
[WhiteCountry "SI"]
[WhiteFideId "14605511"]
[WhiteTeam "Ljubljana Women"]
[WhiteTitle "WIM"]

1. e4 c5 2. Nf3 Nc6 3. Bb5 g6 4. Bxc6 dxc6 5. h3 Bg7 6. d3 e5 7. Be3 Qe7 
8. Qd2 Nf6 9. Nc3 Nd7 10. O-O Nf8 11. Bh6 Bxh6 12. Qxh6 f6 13. Nh2 Ne6 14.
 Ne2 Bd7 15. f4 O-O-O 16. fxe5 fxe5 17. Rf2 Rdf8 18. Raf1 Rxf2 19. Rxf2 
Rf8 20. Rxf8+ Nxf8 21. Nf3 Kc7 22. b3 b6 23. a4 a5 24. Ng3 b5 25. Nf1 c4 
26. dxc4 bxc4 27. bxc4 Ne6 28. Qe3 c5 29. Qc3 Nd4 30. Qxa5+ Kd6 31. Qb6+ 
Bc6 32. Qb8+ Ke6 33. Qxe5+ Kd7 34. Qxe7+ Kxe7 35. Nxd4 cxd4 36. a5 Bxe4 
37. a6 Bxc2 38. Nd2 Ba4 39. Nf3 d3 40. Kf2 Kd6 41. Ke3 Kc7 42. Kxd3 Kb6 
43. Kd4 Kxa6 44. Kd5 Kb7 45. Ne5 Kc7 46. h4 Bd1 47. g3 Bb3 48. Ke6 Ba2 49.
 Kf6 Kd6 50. Nf7+ Kd7 51. Kg7 Ke7 52. Ne5 Ke6 53. Nf3 Bxc4 54. Kxh7 Kf5 
55. Nh2 Be2 56. Kh6 Kf6 57. g4 Kf7 58. Kg5 Bd1 59. Kf4 Kf6 60. Nf1 Be2 61.
 Ng3 Bd1 62. Ne4+ Kg7 63. Kg5 Kh7 64. Nc5 Be2 65. Ne6 Bd1 66. Nf8+ Kg7 67.
 Ne6+ Kf7 68. Nf4 Kg7 69. Nd3 Kh7 70. Nf2 Be2 71. Nh3 Kg7 72. Nf4 Bd1 73. 
Ne6+ Kf7 74. Nd4 Kg7 75. Kf4 Kh6 76. Ne6 Kh7 77. g5 Kg8 78. Ke5 Kf7 79. 
Kd6 Bg4 80. Nd8+ Ke8 81. Nc6 Bf3 82. Nd4 Be4 83. Ke6 Kf8 84. Kf6 Kg8 85. 
Ne6 Bc2 86. Nf4 Kh7 87. Nd5 Bb1 88. Nc7 Bc2 89. Ne6 Kg8 90. Nd8 Bb1 91. 
Nc6 Bc2 92. Ne7+ Kh7 93. Kf7 Bb3+ 94. Kf8 Be6 95. Nc6 Ba2 96. Ne5 Bb1 97. 
Ng4 Kh8 98. Nf6 1-0

[Event "European Cities & Towns Chess Championship - Women"]
[Site "Central Europe"]
[Date "2023.01.29"]
[Round "5.1.4"]
[White "Hryshchenko, Kamila"]
[Black "Rozman, Monika"]
[Result "1/2-1/2"]
[WhiteElo "2139"]
[BlackElo "2125"]
[BlackCountry "SI"]
[BlackFideId "14609118"]
[BlackTeam "Ljubljana Women"]
[BlackTitle "WFM"]
[WhiteCountry "GB"]
[WhiteFideId "14147491"]
[WhiteTeam "London Women"]

1. e4 e5 2. Nf3 Nc6 3. Bb5 a6 4. Ba4 Bc5 5. c3 Nge7 6. O-O Ng6 7. d4 Ba7 
8. d5 Nce7 9. d6 cxd6 10. Qxd6 O-O 11. Be3 Bb8 12. Qd3 d5 13. Bb3 dxe4 14.
 Qxd8 Rxd8 15. Ng5 Rf8 16. Nxe4 Bf5 17. Nbd2 Ba7 18. Bxa7 Rxa7 19. Nd6 b5 
20. Nxf5 Nxf5 21. Ne4 Rd7 22. Rad1 Rfd8 23. Nc5 Rxd1 24. Rxd1 Rxd1+ 25. 
Bxd1 a5 26. Nb7 a4 27. Be2 Nf4 28. Bxb5 a3 29. bxa3 Nd5 30. c4 Nc7 31. a4 
Nd4 32. Nd6 Kf8 33. Kf1 Ke7 34. Ne4 f5 35. Nc3 Kd6 36. a3 Kc5 37. Ke1 Nc2+
38. Kd2 Nxa3 39. Kd3 e4+ 40. Ke3 Nxc4+ 41. Kf4 Nd6 42. Bd7 g6 43. Ke5 Nc4+
44. Kf6 Nb6 45. Be6 Kb4 46. Ne2 Nxa4 47. h4 Nc5 48. Bg8 Nd3 49. Bxh7 Nxf2 
50. Bxg6 f4 51. Nxf4 e3 52. h5 Kc4 53. h6 Ng4+ 54. Kg5 Nxh6 55. Kxh6 Kd4 
56. Bh5 Ke4 57. Ne2 Ne6 58. Kg6 Ke5 59. Bg4 Nc5 60. Kg5 Ne4+ 61. Kh4 Nc5 
62. Bf3 Kf5 63. g4+ Kg6 64. Nf4+ Kg7 65. Nd5 Nd7 66. Nxe3 Ne5 67. Be2 Nxg4
68. Nxg4 Kf7 69. Kg5 Ke6 70. Bc4+ Kd6 71. Kf5 Kc5 72. Be2 Kd4 73. Kf4 Kd5 
74. Bd3 Kd4 75. Ne5 Kd5 76. Nf3 Ke6 77. Bc4+ Kd6 78. Nd2 Kc5 79. Ke5 Kb4 
80. Kd4 Ka5 81. Kd5 Kb4 82. Nb1 Ka4 83. Kc5 Ka5 84. Bb3 Ka6 85. Bd5 Ka5 
86. Nc3 Ka6 87. Bc6 Ka5 88. Ne4 Ka6 89. Nd6 Ka5 90. Nc4+ Ka6 91. Bd5 Ka7 
92. Kb5 Kb8 93. Kc6 Kc8 94. Kd6 Kb8 95. Na3 Ka7 96. Kc6 Ka6 97. Nc4 Ka7 
98. Nd6 Ka6 99. Nb7 Ka7 100. Nc5 Kb8 101. Nd7+ Kc8 102. Bf7 Kd8 103. Kd6 
Kc8 104. Bd5 Kd8 105. Nf6 Kc8 106. Ne4 Kd8 107. Bc6 Kc8 108. Nc5 Kb8 109. 
Kd7 Ka7 110. Bb5 Kb6 111. Kd6 Kxb5 1/2-1/2

[Event "European Cities & Towns Chess Championship - Women"]
[Site "Central Europe"]
[Date "2023.01.29"]
[Round "5.2.1"]
[White "Can, Isil"]
[Black "Avramidou, Anastasia"]
[Result "0-1"]
[WhiteElo "2007"]
[BlackElo "2321"]
[BlackCountry "GR"]
[BlackFideId "4239873"]
[BlackTeam "Thessaloniki"]
[BlackTitle "FM"]
[WhiteCountry "TR"]
[WhiteFideId "34505733"]
[WhiteTeam "Istanbul"]
[WhiteTitle "WCM"]

1. e4 g6 2. d4 Bg7 3. f4 d5 4. exd5 Qxd5 5. Nf3 Bg4 6. Be2 Nc6 7. c4 Qd7 
8. d5 Bxf3 9. Bxf3 Nd4 10. Nc3 Nh6 11. Be3 Nxf3+ 12. Qxf3 Nf5 13. Bf2 Nd4 
14. Bxd4 Bxd4 15. O-O-O Bg7 16. g4 a6 17. Rhe1 O-O 18. f5 Qd6 19. a3 Qc5 
20. Re4 b5 21. b4 Qd6 22. c5 Qf6 23. Red4 a5 24. Ne4 Qe5 25. d6 cxd6 26. 
cxd6 axb4 27. Rxb4 Rfc8+ 28. Kd2 exd6 29. Ke1 d5 30. f6 Bf8 31. Qe2 dxe4 
32. Rxe4 Qxf6 0-1

[Event "European Cities & Towns Chess Championship - Women"]
[Site "Central Europe"]
[Date "2023.01.29"]
[Round "5.2.2"]
[White "Grapsa, Georgia"]
[Black "Onur, Cigdem"]
[Result "1-0"]
[WhiteElo "1989"]
[BlackElo "1922"]
[BlackCountry "TR"]
[BlackFideId "6346030"]
[BlackTeam "Istanbul"]
[BlackTitle "WCM"]
[WhiteCountry "GR"]
[WhiteFideId "4206436"]
[WhiteTeam "Thessaloniki"]
[WhiteTitle "WFM"]

1. d4 d5 2. Nf3 Nf6 3. c4 c6 4. Qc2 g6 5. e3 Bf5 6. Bd3 Bxd3 7. Qxd3 Bg7 
8. O-O O-O 9. Nbd2 Nbd7 10. b3 Re8 11. Bb2 Rc8 12. c5 Ng4 13. h3 Nh6 14. 
Rad1 f5 15. b4 Nf7 16. a4 e5 17. dxe5 Nfxe5 18. Qb3 Kh8 19. Nxe5 Nxe5 20. 
b5 Qh4 21. Bxe5 Bxe5 22. Nf3 Qf6 23. bxc6 bxc6 24. Nxe5 Qxe5 25. Qb7 Rc7 
26. Qa6 Qc3 27. Rc1 Qb4 28. Rfd1 Re4 29. Rb1 Qxa4 30. Rb8+ Kg7 31. Qd3 Qc4
32. Qd2 Qxc5 33. Qb2+ d4 34. Rxd4 Rxd4 35. exd4 Qd5 36. Qe2 Qxd4 37. Qe8 
Qf6 38. Qh8+ Kf7 39. Rf8+ Ke7 40. Qxf6+ 1-0

[Event "European Cities & Towns Chess Championship - Women"]
[Site "Central Europe"]
[Date "2023.01.29"]
[Round "5.2.3"]
[White "Hereklioglu, Sude"]
[Black "Drakaki, Anna-Maria"]
[Result "0-1"]
[WhiteElo "1911"]
[BlackElo "1941"]
[BlackCountry "GR"]
[BlackFideId "4225210"]
[BlackTeam "Thessaloniki"]
[WhiteCountry "TR"]
[WhiteFideId "6359531"]
[WhiteTeam "Istanbul"]
[WhiteTitle "WFM"]

1. Nf3 Nf6 2. d4 e6 3. c4 Bb4+ 4. Nc3 O-O 5. g3 b6 6. Bg2 Bb7 7. O-O a5 8.
 Bg5 Bxc3 9. bxc3 Be4 10. Ne5 Bxg2 11. Kxg2 d6 12. Ng4 Nbd7 13. e4 h6 14. 
Bxf6 Nxf6 15. Nxf6+ Qxf6 16. f4 c5 17. Rb1 Rab8 18. e5 dxe5 19. fxe5 Qg6 
20. Rf4 Rfd8 21. Rb5 cxd4 22. cxd4 Rdc8 23. d5 exd5 24. cxd5 Rc2+ 25. Kg1 
Rbc8 26. Rb1 R8c3 27. d6 Rxg3+ 28. Kh1 Rh3 29. Qg1 Rcxh2+ 30. Qxh2 Qxb1+ 
31. Kg2 Rxh2+ 32. Kxh2 Qxa2+ 33. Kg3 Qd5 34. Rf5 a4 0-1

[Event "European Cities & Towns Chess Championship - Women"]
[Site "Central Europe"]
[Date "2023.01.29"]
[Round "5.2.4"]
[White "Pasoglou, Ekaterini"]
[Black "Mustu, Hatice Asli"]
[Result "0-1"]
[WhiteElo "1872"]
[BlackElo "1903"]
[BlackCountry "TR"]
[BlackFideId "34576843"]
[BlackTeam "Istanbul"]
[WhiteCountry "GR"]
[WhiteFideId "4247663"]
[WhiteTeam "Thessaloniki"]

1. e4 c5 2. Nf3 Nc6 3. d4 cxd4 4. Nxd4 g6 5. Nc3 Bg7 6. Be3 Nf6 7. Qd2 O-O
8. f3 d5 9. Nxc6 bxc6 10. e5 Nd7 11. f4 e6 12. Be2 f6 13. exf6 Qxf6 14. 
O-O d4 15. Ne4 Qf5 16. Bxd4 Qxe4 17. Bxg7 Kxg7 18. Qc3+ e5 19. fxe5 Qxe5 
20. Rxf8 Qxc3 21. bxc3 Nxf8 22. Bf3 Bd7 23. Rb1 Kf6 24. Rb7 Ke6 25. c4 Kd6
26. c3 a5 27. a3 Kc5 28. Be2 Be6 29. Re7 Rd8 30. Bf3 Bxc4 31. Re5+ Bd5 32.
 c4 Kxc4 33. Bxd5+ cxd5 34. Re7 d4 35. Rb7 d3 0-1

[Event "European Cities & Towns Chess Championship - Women"]
[Site "Central Europe"]
[Date "2023.01.29"]
[Round "5.3.1"]
[White "Cvitan, Ena"]
[Black "Stefanidi, Maria-Anna"]
[Result "1-0"]
[WhiteElo "2301"]
[BlackElo "1955"]
[BlackCountry "GR"]
[BlackFideId "4207750"]
[BlackTeam "Kallithea - Athens"]
[BlackTitle "WFM"]
[WhiteCountry "HR"]
[WhiteFideId "14534215"]
[WhiteTeam "Rijeka"]
[WhiteTitle "FM"]

1. d4 Nf6 2. c4 e6 3. Nc3 d5 4. cxd5 exd5 5. Bg5 c6 6. e3 Be7 7. Bd3 h6 8.
 Bh4 O-O 9. Nge2 Bg4 10. f3 Be6 11. O-O Nbd7 12. Bf2 c5 13. Rc1 Re8 14. h3
Nf8 15. Kh1 a6 16. dxc5 Bxc5 17. Nd4 Bxd4 18. exd4 Qd7 19. Na4 Qd6 20. Nc5
b5 21. Bg1 N8d7 22. Bh2 Qb6 23. Qd2 Rac8 24. b4 Nxc5 25. dxc5 Qc6 26. Qf4 
Qd7 27. Qd6 Red8 28. Qxd7 Bxd7 29. a4 Bc6 30. axb5 axb5 31. Ra1 Ra8 32. 
Rfe1 d4 33. Rxa8 Rxa8 34. Bg1 Nd5 35. Bxd4 Nxb4 36. Bf5 Rd8 37. Bc3 Nd5 
38. Ba5 Ra8 39. Bd2 b4 40. Rb1 Rb8 41. Be4 b3 42. Rb2 Kf8 43. Bc2 Ba4 44. 
Bd1 Ne7 45. Bf4 Rb4 46. Bd6 Ke8 47. Re2 b2 48. Bxa4+ Rxa4 49. Rxb2 Kd7 50.
 Rb7+ 1-0

[Event "European Cities & Towns Chess Championship - Women"]
[Site "Central Europe"]
[Date "2023.01.29"]
[Round "5.3.2"]
[White "Tsouba, Maria"]
[Black "Vujnovic, Patricija"]
[Result "0-1"]
[WhiteElo "1672"]
[BlackElo "2130"]
[BlackCountry "HR"]
[BlackFideId "14502313"]
[BlackTeam "Rijeka"]
[BlackTitle "WFM"]
[WhiteCountry "GR"]
[WhiteFideId "4231643"]
[WhiteTeam "Kallithea - Athens"]

1. e4 c6 2. d4 d5 3. e5 c5 4. c3 Nc6 5. Bb5 cxd4 6. cxd4 Bf5 7. Nc3 e6 8. 
Nf3 Ne7 9. O-O a6 10. Ba4 b5 11. Bc2 Bg4 12. h3 Bxf3 13. Qxf3 Nxd4 14. Qd3
Nxc2 15. Qxc2 Rc8 16. Bd2 d4 17. Rad1 dxc3 18. Bxc3 Nd5 19. Qb3 Be7 20. a4
Qb6 21. Bd4 Qb7 22. f4 O-O 23. f5 exf5 24. Rxf5 g6 25. Rff1 Nc7 26. Qe3 
Ne6 27. Bc3 Bc5 0-1

[Event "European Cities & Towns Chess Championship - Women"]
[Site "Central Europe"]
[Date "2023.01.29"]
[Round "5.3.3"]
[White "Berke, Ana"]
[Black "Zarkada, Athina"]
[Result "1-0"]
[WhiteElo "2108"]
[BlackElo "1219"]
[BlackCountry "GR"]
[BlackFideId "25890239"]
[BlackTeam "Kallithea - Athens"]
[Termination "time forfeit"]
[WhiteCountry "HR"]
[WhiteFideId "14510359"]
[WhiteTeam "Rijeka"]
[WhiteTitle "WIM"]

1. e4 c5 2. Nf3 d6 3. d4 cxd4 4. Nxd4 Nf6 5. f3 a6 6. c4 Nc6 7. Be3 Bd7 8.
 Nc3 e6 9. Be2 Be7 10. O-O O-O 11. Qd2 Rc8 12. b3 Ne5 13. a4 Qc7 14. Rfd1 
Rfd8 15. Rac1 Bf8 16. Bf1 Be8 17. Qf2 Kh8 18. Kh1 Kg8 19. Nc2 Bc6 20. Bb6 
Qd7 21. Bxd8 Rxd8 22. Nd4 Qc7 23. b4 Qb6 24. b5 Be8 25. Qa2 Rc8 26. a5 Qc7
27. b6 Qd8 28. Nce2 Nc6 29. Nxc6 Bxc6 30. Nd4 Be8 31. c5 dxc5 32. Nxe6 Qe7
33. Nc7 Qe5 34. Bc4 Bd6 35. Rxd6 Qxd6 36. Nxe8 Nxe8 37. Bxf7+ Kh8 38. h3 
Nf6 39. Qc4 Qf4 40. Rd1 Qg5 41. Qe6 Rf8 42. e5 Nh5 43. Bxh5 Qxh5 44. Rd7 
Qg5 45. Qg4 Qxe5 46. f4 Qe1+ 47. Kh2 Qc3 48. Rxb7 c4 49. Rc7 Qd4 50. b7 h6
51. Rc8 1-0

[Event "European Cities & Towns Chess Championship - Women"]
[Site "Central Europe"]
[Date "2023.01.29"]
[Round "5.3.4"]
[White "Giannakopoulou, Sotiria"]
[Black "Kukic, Lora"]
[Result "0-1"]
[WhiteElo "1000"]
[BlackElo "1945"]
[BlackCountry "HR"]
[BlackFideId "14520699"]
[BlackTeam "Rijeka"]
[WhiteCountry "GR"]
[WhiteFideId "25883763"]
[WhiteTeam "Kallithea - Athens"]

1. e4 c5 2. Nf3 d6 3. Bb5+ Bd7 4. Bxd7+ Qxd7 5. O-O Nc6 6. Nc3 e5 7. d3 
Nge7 8. Bd2 g6 9. Qe2 Bg7 10. Rad1 O-O 11. a3 Nd4 12. Nxd4 cxd4 13. Nd5 
Nxd5 14. exd5 Qb5 15. b4 Qxd5 16. c3 dxc3 17. Bxc3 Rac8 18. Bb2 Rc6 19. h3
Rfc8 20. Rc1 Qb3 21. Qe1 Qxb2 22. Qe3 Rxc1 23. Rxc1 Qxc1+ 24. Qxc1 Rxc1+ 
25. Kh2 Rc3 26. d4 exd4 27. f4 d3 28. Kg1 d2 29. Kf2 d1=Q 30. g4 Bd4+ 31. 
Kg2 Qg1# 0-1

[Event "European Cities & Towns Chess Championship - Women"]
[Site "Central Europe"]
[Date "2023.01.29"]
[Round "5.4.1"]
[White "Reizniece-Ozola, Dana"]
[Black "Cramling, Pia"]
[Result "1/2-1/2"]
[WhiteElo "2265"]
[BlackElo "2458"]
[BlackCountry "SE"]
[BlackFideId "1700030"]
[BlackTeam "Stockholm 2 - Sweden"]
[BlackTitle "GM"]
[WhiteCountry "LV"]
[WhiteFideId "11601124"]
[WhiteTeam "Kuldiga CC - Latvia"]
[WhiteTitle "WGM"]

1. c4 e6 2. g3 d5 3. Bg2 Nf6 4. Nf3 Be7 5. O-O O-O 6. b3 c5 7. e3 Nc6 8. 
d3 b6 9. Nc3 Bb7 10. Bb2 Rc8 11. Qe2 Qc7 12. Rad1 Rfe8 13. Ne1 d4 14. Nb5 
Qd7 15. exd4 a6 16. Na3 Nxd4 17. Bxd4 Bxg2 18. Kxg2 Qxd4 19. Nf3 Qd7 20. 
d4 cxd4 21. Rxd4 Qb7 22. Nc2 e5 23. Rdd1 e4 24. Nfd4 Bc5 25. Ne3 g6 26. 
Ndc2 Rcd8 27. Rxd8 Rxd8 28. Rd1 Rd3 29. Ne1 Rxd1 30. Qxd1 Bxe3 31. fxe3 h5
32. Qd4 Qc6 33. Nc2 Qe6 34. h3 Qf5 35. Qd8+ Kg7 36. Nd4 Qg5 37. Qe7 Kg8 
38. Qd8+ Kg7 39. Qe7 Kg8 40. h4 Qxe3 41. Qxf6 Qd2+ 42. Kf1 e3 43. Qf4 Qd1+
44. Kg2 e2 45. Nxe2 Qxe2+ 46. Qf2 Qe4+ 47. Qf3 Qc2+ 48. Qf2 Qe4+ 49. Qf3 
Qc2+ 50. Qf2 Qe4+ 1/2-1/2

[Event "European Cities & Towns Chess Championship - Women"]
[Site "Central Europe"]
[Date "2023.01.29"]
[Round "5.4.2"]
[White "Tetenkina, Irina"]
[Black "Krumina, Linda"]
[Result "1/2-1/2"]
[WhiteElo "2213"]
[BlackElo "2073"]
[BlackCountry "LV"]
[BlackFideId "11601701"]
[BlackTeam "Kuldiga CC - Latvia"]
[BlackTitle "WFM"]
[WhiteCountry "SE"]
[WhiteFideId "13500996"]
[WhiteTeam "Stockholm 2 - Sweden"]
[WhiteTitle "WIM"]

1. Nf3 d5 2. c4 d4 3. g3 c5 4. Bg2 Nc6 5. O-O Nf6 6. d3 e5 7. Nbd2 Be7 8. 
a3 O-O 9. Rb1 a5 10. Ne4 Nxe4 11. dxe4 h6 12. Ne1 Be6 13. b3 f5 14. Nd3 
Qc7 15. f4 fxe4 16. Bxe4 exf4 17. Bxf4 Qd7 18. Qd2 Rf6 19. Ne5 Nxe5 20. 
Bxe5 Rxf1+ 21. Rxf1 Bg5 22. Bf4 Bf6 23. Qd3 Bh3 24. Rf2 Rf8 25. Bg2 Bg4 
26. Bd5+ Kh8 27. Qg6 Bf5 28. Qh5 Bh7 29. Kg2 Qe7 30. Qf3 g5 31. Bd2 Bg7 
32. Qg4 b6 33. Rxf8+ Bxf8 34. h4 gxh4 35. gxh4 Qg7 36. Qxg7+ Bxg7 37. b4 
cxb4 38. axb4 a4 39. c5 bxc5 40. bxc5 Bf8 41. c6 Bd6 42. Ba5 Bf5 43. c7 
Bc8 44. Kf2 Kg7 45. e3 dxe3+ 46. Kxe3 Kf8 47. Kd3 Ke7 48. Kc4 Ba6+ 49. Kc3
Kd7 50. Bf3 Bxc7 51. Bxc7 Kxc7 52. Kb4 Kd6 53. Kxa4 Ke5 54. Kb4 Kf4 55. 
Bd1 Kg3 56. h5 Bb7 57. Kc3 Bf3 58. Bxf3 Kxf3 59. Kd3 Kg4 60. Ke3 Kxh5 61. 
Kf3 Kh4 62. Kg2 Kg4 63. Kh2 h5 64. Kg2 h4 65. Kh2 h3 66. Kh1 Kh4 67. Kh2 
Kg4 68. Kh1 Kg3 69. Kg1 h2+ 70. Kh1 Kh3 1/2-1/2

[Event "European Cities & Towns Chess Championship - Women"]
[Site "Central Europe"]
[Date "2023.01.29"]
[Round "5.4.3"]
[White "Maklakova, Nellija"]
[Black "Johansson, Viktoria"]
[Result "1-0"]
[WhiteElo "1817"]
[BlackElo "2042"]
[BlackCountry "SE"]
[BlackFideId "1701940"]
[BlackTeam "Stockholm 2 - Sweden"]
[BlackTitle "WIM"]
[WhiteCountry "LV"]
[WhiteFideId "11603470"]
[WhiteTeam "Kuldiga CC - Latvia"]

1. c4 c6 2. d4 d5 3. e3 Nf6 4. Nc3 a6 5. Nf3 Bg4 6. h3 Bxf3 7. Qxf3 e6 8. 
Bd3 Be7 9. O-O O-O 10. b3 Nbd7 11. Bb2 Qc7 12. e4 dxe4 13. Nxe4 Nxe4 14. 
Qxe4 Nf6 15. Qh4 h6 16. Rad1 Rad8 17. Bb1 b5 18. c5 Rd5 19. b4 Rh5 20. Qg3
Qd7 21. a3 Rg5 22. Qd3 Qd5 23. f3 Qd7 24. Bc1 Rd5 25. Ba2 Rh5 26. Bf4 Nd5 
27. Be5 Bf6 28. Bd6 Re8 29. Kh2 e5 30. Bxd5 cxd5 31. g4 Rh4 32. dxe5 Bxe5+
33. Bxe5 Rxe5 34. f4 Re8 35. Rf2 Qxg4 36. Rg1 Qe6 37. Qg3 Qf6 38. Rfg2 g6 
39. f5 Kh7 40. fxg6+ fxg6 41. Qxg6+ Qxg6 42. Rxg6 Re2+ 43. R6g2 Rhe4 44. 
Rxe2 Rxe2+ 45. Kg3 Re3+ 46. Kf4 d4 47. Rc1 Re8 48. c6 d3 49. c7 d2 50. Rd1
Rc8 51. Rxd2 Rxc7 52. Rd6 Ra7 53. Ke5 Kg7 54. h4 Kh7 55. h5 Kg7 56. Kd5 
Kh7 57. Kc6 Re7 58. Kb6 Re3 59. Kxa6 Rxa3+ 60. Kxb5 Re3 61. Kc6 Re5 62. 
Rd5 Re6+ 63. Kd7 Re1 64. b5 Rb1 65. Kc6 Kg7 66. b6 Kf7 67. b7 Ke6 68. Rb5 
Rc1+ 69. Kb6 Rd1 70. b8=Q 1-0

[Event "European Cities & Towns Chess Championship - Women"]
[Site "Central Europe"]
[Date "2023.01.29"]
[Round "5.4.4"]
[White "Andric, Jelena"]
[Black "Kane, Marta"]
[Result "1-0"]
[WhiteElo "1967"]
[BlackElo "1836"]
[BlackCountry "LV"]
[BlackFideId "11603569"]
[BlackTeam "Kuldiga CC - Latvia"]
[WhiteCountry "SE"]
[WhiteFideId "919853"]
[WhiteTeam "Stockholm 2 - Sweden"]
[WhiteTitle "WFM"]

1. c4 c5 2. g3 Nf6 3. Bg2 g6 4. Nc3 e6 5. Nf3 d6 6. O-O Bg7 7. d4 cxd4 8. 
Nxd4 a6 9. b3 Qc7 10. Qd2 O-O 11. Ba3 Rd8 12. Rac1 Nc6 13. Nxc6 bxc6 14. 
Na4 Bb7 15. c5 dxc5 16. Qc2 Rac8 17. Nxc5 Nd5 18. Bb2 Nb4 19. Qb1 Rd2 20. 
Bxg7 Kxg7 21. Qa1+ e5 22. Qc3 Rd4 23. e3 Nxa2 24. Qb2 Nxc1 25. exd4 Nxb3 
26. Qxb3 Rb8 27. Rb1 exd4 28. Nxb7 c5 29. Qc4 Rc8 30. Ra1 Qe5 31. Qd5 Qe2 
32. Nd6 Rc7 33. Bf3 Qe7 34. Rxa6 Qe1+ 35. Kg2 h5 36. Nc4 Qc1 37. Qe5+ 1-0

[Event "European Cities & Towns Chess Championship - Women"]
[Site "Central Europe"]
[Date "2023.01.29"]
[Round "5.5.1"]
[White "Pica, Eleni"]
[Black "Tsapaki, Asimenia"]
[Result "0-1"]
[WhiteElo "1048"]
[BlackElo "1498"]
[BlackCountry "GR"]
[BlackFideId "25845365"]
[BlackTeam "Heraklion Women"]
[Termination "time forfeit"]
[WhiteCountry "CY"]
[WhiteFideId "5910005"]
[WhiteTeam "Nicosia"]

1. d4 Nf6 2. Nf3 e6 3. Bf4 c5 4. c3 d5 5. e3 Bd6 6. Bg3 O-O 7. Be2 Qb6 8. 
Qc2 Bd7 9. Nbd2 Na6 10. Ne5 Bb5 11. Bxb5 Qxb5 12. a4 Qb6 13. O-O Rac8 14. 
Rab1 cxd4 15. exd4 Qxd4 16. Ndf3 Qc5 17. Ng5 Nb4 18. Qd2 Nc6 19. b4 Qb6 
20. Nd7 Nxd7 21. Bxd6 Rfe8 22. Qf4 Nf6 23. Be5 Nxe5 24. Qxe5 Qc7 25. Qxc7 
Rxc7 26. Rb3 Rec8 27. Rc1 d4 28. c4 Rxc4 29. Rxc4 Rxc4 30. h3 Nd5 31. Rf3 
Nf6 32. Rb3 h6 33. Nf3 Nd5 34. Rd3 Rxb4 35. Rxd4 Rxd4 36. Nxd4 Nc3 37. a5 
Kf8 38. Kf1 Ke7 39. Ke1 Kd7 40. Kd2 Ne4+ 41. Ke3 Nd6 42. Kd3 b6 43. axb6 
axb6 44. Kc3 e5 45. Nf3 f6 46. Nd2 Kc6 47. f3 Kd5 48. g4 g6 49. h4 f5 50. 
gxf5 gxf5 51. h5 e4 52. fxe4+ Nxe4+ 53. Nxe4 Kxe4 54. Kd2 f4 55. Ke2 b5 
56. Kd2 b4 57. Ke2 b3 58. Kd2 b2 59. Kc2 f3 60. Kxb2 f2 61. Ka2 f1=Q 62. 
Ka3 Qb5 63. Ka2 Kd3 0-1

[Event "European Cities & Towns Chess Championship - Women"]
[Site "Central Europe"]
[Date "2023.01.29"]
[Round "5.5.2"]
[White "Kontogianni, Vasiliki (Vivian)"]
[Black "Antoniou, Evalena"]
[Result "1-0"]
[WhiteElo "1442"]
[BlackElo "1000"]
[BlackCountry "CY"]
[BlackFideId "5908744"]
[BlackTeam "Nicosia"]
[Termination "time forfeit"]
[WhiteCountry "GR"]
[WhiteFideId "42106672"]
[WhiteTeam "Heraklion Women"]

1. e4 e5 2. Nf3 Nc6 3. d4 d6 4. Nc3 Bg4 5. d5 Nd4 6. Be2 Nf6 7. Nxd4 exd4 
8. Qxd4 Be7 9. Bxg4 Nxg4 10. Qxg7 Bh4 11. Qxh8+ Kd7 12. Qxd8+ Rxd8 13. O-O
Bf6 14. h3 Ne5 15. Bf4 Ng6 16. Bg3 Be5 17. Bxe5 Nxe5 18. b3 Rg8 19. f4 Ng6
20. Rae1 Nh4 21. Rf2 Rg6 22. Kh2 Rg7 23. f5 f6 24. g3 Ng2 25. Kxg2 h5 26. 
Kh2 Rg8 27. Ne2 Rh8 28. Nf4 c5 29. dxc6+ bxc6 30. c4 c5 31. Nd5 a5 32. 
Nxf6+ Ke7 33. Nd5+ Kd7 34. Rd2 Kc6 35. Red1 Kd7 36. Nf6+ Kc6 37. Rxd6+ 1-0

[Event "European Cities & Towns Chess Championship - Women"]
[Site "Central Europe"]
[Date "2023.01.29"]
[Round "5.5.3"]
[White "Drakoularakou, Evangelia"]
[Black "Varveraki, Argiri"]
[Result "0-1"]
[WhiteElo "1000"]
[BlackElo "1404"]
[BlackCountry "GR"]
[BlackFideId "4217667"]
[BlackTeam "Heraklion Women"]
[WhiteTeam "Nicosia"]

1. e4 c5 2. Nc3 e6 3. d3 a6 4. Nf3 Qc7 5. h4 Nf6 6. Be3 d6 7. d4 cxd4 8. 
Bxd4 Be7 9. e5 dxe5 10. Bxe5 Qb6 11. Qd4 Bc5 12. b4 Bxd4 13. Nxd4 Qxb4 14.
 Kd2 Nc6 15. Kd3 Nxe5+ 16. Kd2 O-O 17. a3 Qa5 18. Rh3 Rd8 19. Be2 Ne4+ 20.
 Ke1 Nxc3 21. Kd2 Rxd4+ 22. Kc1 Nxe2+ 23. Kb2 Nc4+ 24. Kb3 Nd2+ 25. Kb2 
Qb5+ 26. Ka2 Qd5+ 27. Kb2 b5 28. Re1 Nf4 29. Rhe3 Nc4+ 30. Kc3 Nxe3 31. 
Rxe3 Qc4+ 32. Kb2 Rd2 33. Rb3 Qxc2+ 34. Ka1 Rd1+ 35. Rb1 Qxb1# 0-1

[Event "European Cities & Towns Chess Championship - Women"]
[Site "Central Europe"]
[Date "2023.01.29"]
[Round "5.5.4"]
[White "Papadimitriou, Argyro"]
[Black "Miltiadou, Danai"]
[Result "1-0"]
[WhiteElo "1000"]
[BlackElo "1000"]
[BlackCountry "CY"]
[BlackFideId "5906865"]
[BlackTeam "Nicosia"]
[WhiteCountry "GR"]
[WhiteFideId "42133041"]
[WhiteTeam "Heraklion Women"]

1. d4 d5 2. c4 c6 3. Nf3 Nf6 4. Nc3 Bf5 5. h3 e6 6. Bg5 Bb4 7. e3 h6 8. 
Bxf6 Qxf6 9. Bd3 Nd7 10. O-O e5 11. Bxf5 Qxf5 12. cxd5 cxd5 13. Nxd5 e4 
14. Nc7+ Kf8 15. Nxa8 exf3 16. Qxf3 Qxf3 17. gxf3 Bd6 18. Rac1 Ke7 19. Nc7
Bxc7 20. Rxc7 Rb8 21. Rfc1 Kd8 22. e4 a6 23. b4 Ke8 24. Rc8+ Rxc8 25. 
Rxc8+ Ke7 26. e5 Ke6 27. Re8+ Kd5 28. Rd8 Ke6 29. Re8+ Kd5 30. Re7 Nb8 31.
 Rxf7 Kxd4 32. e6 Nc6 33. Rc7 Kd5 34. e7 Nxe7 35. Rxe7 b5 36. Kf1 Kc4 37. 
Re4+ Kd3 38. a3 Kc3 39. Re3+ Kc4 40. Kg2 Kd4 41. f4 Kd5 42. Kg3 Kd4 43. 
Kg4 Kd5 44. Kf5 Kd6 45. Kg6 Kd5 46. Kxg7 h5 47. f5 h4 48. f6 a5 49. f7 
axb4 50. f8=Q bxa3 51. Qd8+ Kc4 52. Qd3+ Kc5 53. Qxa3+ Kc4 54. Re4+ Kd5 
55. Qd3+ Kc5 56. Qd4+ Kc6 57. Re6+ Kc7 58. Qa7+ Kd8 59. Qe7+ Kc8 60. Rc6+ 
Kb8 61. Qc7+ Ka8 62. Ra6# 1-0

[Event "European Cities & Towns Chess Championship - Women"]
[Site "Central Europe"]
[Date "2023.01.29"]
[Round "5.6.1"]
[White "Caku, Kler"]
[Black "Gkoutzouki, Aikaterini Argyro"]
[Result "0-1"]
[WhiteElo "1656"]
[BlackElo "1742"]
[BlackCountry "GR"]
[BlackFideId "25838105"]
[BlackTeam "Corfu, Greece"]
[WhiteCountry "AL"]
[WhiteFideId "4704703"]
[WhiteTeam "TEUTA - Durres Albania"]

1. e4 c5 2. Nf3 Nc6 3. d4 cxd4 4. Nxd4 e5 5. Nb5 d6 6. N1c3 a6 7. Na3 b5 
8. Nd5 Nf6 9. Bg5 Be7 10. Bxf6 Bxf6 11. c3 Bg5 12. Be2 Ne7 13. Nxe7 Qxe7 
14. Nc2 Bb7 15. Qd3 O-O 16. Ne3 Bxe3 17. Qxe3 d5 18. exd5 Bxd5 19. O-O Qe6
20. a3 f5 21. Rfd1 Bb3 22. Rd2 Rad8 23. Rxd8 Rxd8 24. Qa7 Qd6 25. h3 Qd2 
26. Qc7 Re8 27. Qc6 Bf7 28. Bf1 Qxb2 29. Re1 Qxa3 30. c4 b4 31. c5 Qc3 32.
 Re3 Qc2 33. Re2 Qc1 34. Qd6 e4 35. Re3 b3 36. c6 b2 37. Qd7 b1=Q 38. c7 
Qxf1+ 39. Kh2 Qc4 40. g3 Qbc2 41. Qd6 Qxf2+ 0-1